Music Quiz

Random Music or Lyrics Quiz

Belle and Sebastian: Figure Out the Lyrics Quiz Stats

 Plays Quiz not verified by Sporcle

Score 0/268 Timer 10:00
0 Plays Today
% Correct
the
97.5%
and
97.5%
a
97.5%
the
97.5%
the
97.5%
the
97.5%
and
97.5%
the
97.5%
a
97.5%
the
97.5%
the
97.5%
And
97.5%
the
97.5%
the
97.5%
a
97.5%
the
97.5%
the
97.5%
a
97.5%
the
97.5%
a
97.5%
a
97.5%
the
97.5%
the
97.5%
the
97.5%
the
97.5%
a
97.5%
and
97.5%
the
97.5%
a
97.5%
and
97.5%
I
94.7%
I
94.7%
I
94.7%
I
94.7%
I
94.7%
I
94.7%
I
94.7%
I
94.7%
I
94.7%
I
94.7%
I
94.7%
I
94.7%
I
94.7%
I
94.7%
I
94.7%
I
94.7%
I
94.7%
you
83.9%
you
83.9%
you
83.9%
You
83.9%
you
83.9%
you
83.9%
you
83.9%
You
83.9%
you
83.9%
you
83.9%
you
83.9%
You
83.9%
you
83.9%
you
83.9%
in
78.9%
in
78.9%
in
78.9%
in
78.9%
in
78.9%
in.
78.9%
in
78.9%
in
78.9%
in
78.9%
in
78.9%
to
74.9%
to
74.9%
to
74.9%
to
74.9%
to
74.9%
to
74.9%
to
74.9%
to
74.9%
to
74.9%
to
74.9%
be
69.3%
on
69%
on
69%
on
69%
on
69%
love
67.8%
my
67.8%
my
67.8%
my
67.8%
% Correct
my
67.8%
my
67.8%
my
67.8%
My
67.8%
my
67.8%
my
67.8%
my
67.8%
my
67.8%
my
67.8%
my
67.8%
are
65.6%
are
65.6%
is
65.3%
it.
63.8%
It
63.8%
it
63.8%
your
63.2%
of
62.8%
of
62.8%
of
62.8%
when
62.2%
so
60.7%
for
57.9%
You're
57.6%
You're
57.6%
You're
57.6%
you're
57.6%
You're
57.6%
am
57%
am
57%
know
55.7%
know
55.7%
one
55.1%
I'm
55.1%
I'm
55.1%
I'm
55.1%
one
55.1%
get
54.8%
get
54.8%
get
54.8%
get
54.8%
get
54.8%
get
54.8%
girl
52.6%
girl.
52.6%
She
52.6%
don't
51.7%
don't
51.7%
don't
51.7%
don't
51.7%
don't
51.7%
at
51.1%
at
51.1%
at
51.1%
at
51.1%
little
49.5%
all
49.5%
little
49.5%
all
49.5%
thing.
49.2%
thing
49.2%
But
48.9%
was
48.9%
but
48.9%
was
48.9%
have
48.6%
that
48.3%
funny
47.1%
with
47.1%
with
47.1%
from
46.7%
from
46.7%
life
46.4%
frog
46.4%
life
46.4%
even
44.6%
out
44.3%
how
44.3%
sing.
44%
night.
44%
night.
44%
lovin'
43.7%
come
43%
can't
43%
come
43%
throat.
42.1%
day.
42.1%
myself
40.9%
myself,
40.9%
there
40.9%
% Correct
Honey
40.6%
greatest
40.6%
had
40.6%
way
39.9%
living
39.6%
living
39.6%
never
39.3%
never
39.3%
state
39%
home
38.4%
think
38.1%
I'll
38.1%
eye
37.8%
about
37.5%
about
37.5%
poet.
36.8%
I've
36.8%
wall,
36.5%
talking
36.2%
tell
36.2%
tell
36.2%
picture
35.9%
work.
35.9%
hall.
35.3%
bad
35%
late
34.1%
being
33.4%
ancient
33.1%
vision
32.5%
jester
32.5%
Saturday
32.2%
danger
31.9%
court.
31%
been
31%
sight's
30.3%
hearing's
30.3%
irresponsible.
30%
that's
30%
fights
29.7%
play
29.4%
starting
29.1%
report.
28.8%
club
28.8%
someday.
28.8%
forget
28.2%
dim.
27.2%
alright.
27.2%
conversation
26.6%
sided
26.6%
magazine.
25.4%
I'd
25.4%
prayers.
25.1%
party,
25.1%
dark
25.1%
physical
25.1%
You've
24.8%
hand.
24.5%
museum.
24.5%
smell.
24.1%
again
23.8%
before
23.5%
touch
23.5%
wrapped
22.9%
cover
22.9%
rainy
22.9%
fading
22.3%
sit
22%
came.
22%
Sundays.
22%
maybe
22%
bed
21.4%
gets
21.1%
highlights
21.1%
insured
20.7%
kitchen
20.1%
save
20.1%
places
19.8%
dare
19.2%
dare
19.2%
visit
19.2%
changing
18.9%
ghost
18.6%
fashion
17.3%
pearls.
16.7%
[Chorus skipped]
16.7%
tip,
13.9%
pay
13.6%
disapproving
12.1%

You're not logged in!

Compare scores with friends on all Sporcle quizzes.
OR
Log In

You Might Also Like...

Show Comments

Extras

Top Quizzes Today


Score Distribution

Your Account Isn't Verified!

In order to create a playlist on Sporcle, you need to verify the email address you used during registration. Go to your Sporcle Settings to finish the process.

Report this User

Report this user for behavior that violates our Community Guidelines.

Details: